[Event "3rd Yerevan Open-A 2021"]
[Site "Yerevan"]
[Date "2021.10.16"]
[Round "3.1"]
[White "Gukesh D"]
[Black "Golubka, Petro"]
[Result "1-0"]
[WhiteElo "2640"]
[BlackElo "2438"]
[Annotator "TA"]
[PlyCount "115"]
[EventDate "2021.10.14"]
[EventType "swiss"]
[EventCountry "ARM"]
[SourceTitle "playchess.com"]
[Source "ChessBase"]
[SourceQuality "1"]

{[%evp 12,115,0,-2,-1,-22,-19,-23,-16,-30,10,13,7,7,20,0,28,13,33,15,49,46,57,43,67,75,74,64,76,39,87,89,70,80,83,83,135,121,121,160,137,121,93,100,95,95,100,88,102,90,95,95,102,102,129,129,121,121,120,120,126,126,156,75,82,62,64,48,51,48,52,15,9,0,56,56,58,27,78,74,78,78,95,48,31,27,133,35,35,35,143,131,184,191,735,700,29984,29985,29985,29986,29986,29987,29989,29990,29990,29991]} 1. d4 Nf6 2. c4 e6 3. Nf3 d5 4. Nc3 Bb4 5. Qa4+ Nc6 6. a3 Bxc3+ 7. bxc3 Ne4 {D38: Queen's Gambit Declined: Ragozin Defence (4 Nf3 Bb4).} 8. Bf4 $1 {[%mdl 4] is currently scoring better than 8.Qc2.} Nxc3 9. Qc2 Ne4 {[#] Black has an edge.} 10. h4 $146 ({Predecessor:} 10. e3 g5 11. Be5 f6 12. Bg3 h5 13. h4 Nxg3 14. fxg3 g4 15. Qg6+ Kf8 16. Ne5 {½-½ (40) Edouard,R (2640)-Santos Ruiz,M (2581) Los Cancajos 2020}) 10... h6 11. e3 O-O 12. Bd3 Nf6 13. O-O Bd7 14. Rfc1 Rb8 15. Rab1 a6 16. Bg3 Re8 17. Rb2 Ne4 18. Bxe4 dxe4 19. Qxe4 b6 20. Qb1 Ne7 21. e4 f6 22. Rd2 Rf8 23. Qa2 Qc8 (23... Kh7 $142) 24. c5 $16 bxc5 25. Rxc5 Rb7 26. d5 Kh8 27. d6 Nc6 28. e5 {[#] Black must now prevent exf6.} f5 29. Qc4 Qe8 30. Rd1 {[%cal Bd2d1,Bd1b1,Bb1b6][%mdl 32]} cxd6 31. exd6 Rb5 32. Be5 ({Much weaker is} 32. Rxb5 axb5 33. Qf4 (33. Qxb5 f4 $11) 33... e5 $11) 32... Rxc5 33. Qxc5 Kh7 34. Rb1 Qa8 35. Qc3 Rg8 36. Rb6 a5 37. Bf4 (37. Qb2 $142) 37... Rc8 38. Rb1 a4 39. Qd3 Rb8 40. Kh2 Qa7 41. Be3 Qa8 42. Bf4 Rxb1 (42... Qa7 $1 $11) 43. Qxb1 $14 Qd8 44. Qb7 Qe8 (44... Nd4 $11) 45. Be5 $16 Nd8 46. Qb2 Qf7 47. Ne1 Qh5 $1 48. Bxg7 {Hoping for Bf6.} Qxh4+ 49. Kg1 {Threatens to win with Nf3.} Nf7 $1 50. Bf8 $40 {[%csl Gf8][%cal Rb2g7][%mdl 128] White mounts an attack.} Qg4 {[#]} ({Black should play} 50... e5 $14) 51. Qf6 $1 {[%cal Rf6f7]} Kg8 (51... Qg8 $16 {keeps fighting.} 52. Qe7 Bc6) 52. Bxh6 $18 Bc6 $2 (52... Bc8 53. Bd2 (53. Qe7 Nxh6 54. Qe8+ Kg7 $14) 53... e5) 53. Qxe6 Bxg2 54. Qe8+ {[%mdl 64] Zwischenzug. White mates.} ({Less strong is} 54. Nxg2 Qd1+ 55. Ne1 Qg4+ 56. Ng2 Qd1+ 57. Ne1 Qg4+ 58. Kf1 (58. Ng2 Qd1+ $18) 58... Qh3+ 59. Ke2 Qxh6 $18) 54... Kh7 55. Qxf7+ Kxh6 56. Qf6+ Kh5 57. Nxg2 Qd1+ 58. Kh2 {Weighted Error Value: White=0.09/Black=0.29} 1-0

[Event "3rd Yerevan Open-A 2021"]
[Site "Yerevan"]
[Date "2021.10.16"]
[Round "3.2"]
[White "Harsha Bharathakoti"]
[Black "Erigaisi Arjun"]
[Result "1/2-1/2"]
[WhiteElo "2517"]
[BlackElo "2634"]
[Annotator "TA"]
[PlyCount "79"]
[EventDate "2021.10.14"]
[EventType "swiss"]
[EventCountry "ARM"]
[SourceTitle "playchess.com"]
[Source "ChessBase"]
[SourceQuality "1"]

{[%evp 15,79,41,41,41,40,43,37,35,24,-16,0,0,0,0,16,15,22,12,30,0,0,0,0,0,0,-25,-21,-35,0,0,0,0,0,0,0,0,10,12,17,0,0,0,0,0,0,0,0,0,0,0,0,0,0,0,0,0,0,0,0,0,0,0,0,0,0,0]} 1. e4 e5 2. Nf3 Nc6 3. Nc3 Nf6 4. d4 exd4 5. Nxd4 Nxe4 6. Nxe4 Qe7 7. f3 d5 8. Bb5 Bd7 {[#]} 9. O-O $1 {C47: Scotch Four Knights and Four Knights with 4 g3.} dxe4 10. Bxc6 bxc6 11. Re1 {White is slightly better.} O-O-O {aiming for ...c5.} 12. Qe2 {Threatens to win with Qa6+.} Qf6 13. Qa6+ ({Wrong is} 13. Qxe4 $2 Bc5 $19) 13... Kb8 14. Rxe4 {[#]} c5 $146 ({Predecessor:} 14... Bc5 15. Be3 Rhe8 16. Qc4 {½-½ (16) Bombek,P (2264)-Vul,A (2316) Tatranske Zruby 2012}) 15. Qxf6 gxf6 16. Nb3 Bf5 17. Re1 Bxc2 18. Na5 {[#] Strongly threatening Nc6+.} Kc8 19. Be3 Rd5 20. Rec1 Bd3 21. Nb3 {[%cal Rb3c5]} c4 (21... Bd6 {is interesting.} 22. Nxc5 Re8 23. Kf2 Bg6 24. Na4 Bxh2 25. Rc4 Rde5) 22. Nd2 {The position is equal.} Bc5 23. Bxc5 Rxc5 24. Rc3 Re8 {Black wants to play ...Re2.} 25. b4 Rc6 26. Rac1 Re2 27. Nxc4 Rxc4 28. Rxc4 Bxc4 29. Rxc4 Rxa2 $11 {[%mdl 4096] Endgame KR-KR} 30. Rh4 Ra4 {...a5 is the strong threat.} 31. Rxh7 Rxb4 32. Rxf7 a5 33. Rxf6 a4 34. Ra6 Kb7 35. Ra5 Kb6 36. Ra8 c5 (36... Kb7 $5 37. Ra5 $8 Kb6 $11) 37. Kf2 Kb7 38. Ra5 Kb6 39. Ra8 Kb7 40. Ra5 {Weighted Error Value: White=0.05/Black=0.03} 1/2-1/2

[Event "3rd Yerevan Open-A 2021"]
[Site "Yerevan"]
[Date "2021.10.16"]
[Round "3.3"]
[White "Pour Agha Bala, Amirreza"]
[Black "Puranik, Abhimanyu"]
[Result "*"]
[WhiteElo "2432"]
[BlackElo "2568"]
[Annotator "TA"]
[PlyCount "39"]
[EventDate "2021.10.14"]
[EventType "swiss"]
[EventCountry "ARM"]
[SourceTitle "playchess.com"]
[Source "ChessBase"]
[SourceQuality "1"]

{[%evp 13,39,26,26,26,26,23,22,16,15,30,53,54,60,44,66,29,36,7,9,7,4,0,0,0,0,0,-10,-8]} 1. d4 Nf6 2. c4 g6 3. Nc3 d5 4. cxd5 Nxd5 5. Bd2 Bg7 6. e4 Nb6 7. Be3 O-O 8. Bb5 {D85: Exchange Grünfeld: Unusual White 7th moves and lines with 7 Nf3.} Be6 {8...Nc6 is the modern continuation.} 9. Nf3 Nc4 10. Bxc4 Bxc4 11. Qa4 Be6 12. O-O c6 {[#]} 13. Ng5 $146 ({Predecessor:} 13. h3 Na6 14. Rfd1 Nc7 15. Rac1 Qd6 16. Ne2 Rfc8 17. Bf4 Qd8 18. Ng5 Bd7 19. Qb3 {½-½ (52) Andersen,M (2479)-Hansen,E (2584) Oslo 2013}) 13... Bd7 14. Qb3 Qb6 15. Qa3 a5 $1 {[%cal Ba7a5,Ba5b4][%mdl 32] The position is equal.} 16. Qxe7 Qb4 17. Qxb4 axb4 18. Ne2 Re8 19. Ng3 c5 20. Rfd1 {Weighted Error Value: White=0.06/Black=0.02} *

[Event "3rd Yerevan Open-A 2021"]
[Site "Yerevan"]
[Date "2021.10.16"]
[Round "3.4"]
[White "Simonian, Hrair"]
[Black "Petrosian, Tigran L."]
[Result "1/2-1/2"]
[WhiteElo "2430"]
[BlackElo "2562"]
[Annotator "ChessBase"]
[PlyCount "126"]
[EventDate "2021.10.14"]
[EventType "swiss"]
[EventCountry "ARM"]
[SourceTitle "playchess.com"]
[Source "ChessBase"]
[SourceQuality "1"]
[TimeControl "40/5400+30:1800+30"]

1. e4 {[%emt 0:01:39]} c6 {[%emt 0:21:17]} 2. d4 {[%emt 0:00:16]} d5 {[%emt 0:00:04]} 3. Nc3 {[%emt 0:00:12]} dxe4 {[%emt 0:00:05]} 4. Nxe4 {[%emt 0:00:08]} Nf6 {[%emt 0:01:38]} 5. Nxf6+ {[%emt 0:00:43]} exf6 {[%emt 0:00:06]} 6. c3 {[%emt 0:00:36]} Bd6 {[%emt 0:00:06]} 7. Bd3 {[%emt 0:00:39]} O-O {[%emt 0:00:05]} 8. Qc2 {[%emt 0:00:15]} Re8+ {[%emt 0:00:06]} 9. Ne2 {[%emt 0:00:08]} h6 {[%emt 0:03:35]} 10. Be3 {[%emt 0:02:20]} Be6 {[%emt 0:01:32]} 11. h4 {[%emt 0:12:32]} Qa5 {[%emt 0:07:23]} 12. a3 {[%emt 0:04:46]} Nd7 {[%emt 0:00:58]} 13. b4 {[%emt 0:03:54]} Qc7 {[%emt 0:08:55]} 14. c4 {[%emt 0:04:13]} a5 {[%emt 0:08:43]} 15. c5 {[%emt 0:01:31]} Bf8 {[%emt 0:10:36]} 16. O-O {[%emt 0:07:47]} Qd8 {[%emt 0:05:49]} 17. Nf4 {[%emt 0:06:16]} f5 {[%emt 0:08:52]} 18. h5 {[%emt 0:03:40]} Nf6 {[%emt 0:04:23]} 19. Bxf5 {[%emt 0:01:22]} Bd5 {[%emt 0:01:19]} 20. Qd3 {[%emt 0:06:59]} b5 {[%emt 0:03:08]} 21. Rfe1 {[%emt 0:00:53]} Bc4 {[%emt 0:00:43]} 22. Qd1 {[%emt 0:06:59]} Ra7 {[%emt 0:10:14]} 23. Qf3 {[%emt 0:02:32]} Qa8 {[%emt 0:01:05]} 24. Rad1 {[%emt 0:03:54]} axb4 {[%emt 0:00:14]} 25. axb4 {[%emt 0:00:02]} Ra3 {[%emt 0:00:13]} 26. Nd3 {[%emt 0:03:39]} Bb3 {[%emt 0:01:18]} 27. Rc1 {[%emt 0:01:28]} Bd5 {[%emt 0:00:05]} 28. Qh3 {[%emt 0:00:21]} Be6 {[%emt 0:01:24]} 29. Ne5 {[%emt 0:00:54]} Nd5 {[%emt 0:00:30]} 30. Qf3 {[%emt 0:01:34]} Bxf5 {[%emt 0:00:30]} 31. Qxf5 {[%emt 0:00:02]} f6 {[%emt 0:00:13]} 32. Ng4 {[%emt 0:00:35]} Kh8 {[%emt 0:00:45]} 33. Bd2 {[%emt 0:03:54]} Rxe1+ {[%emt 0:00:33]} 34. Rxe1 {[%emt 0:00:03]} Ra1 {[%emt 0:00:09]} 35. Bc1 {[%emt 0:02:37]} Nxb4 {[%emt 0:00:53]} 36. Qg6 {[%emt 0:02:18]} Qa2 {[%emt 0:00:26]} 37. Nxf6 {[%emt 0:07:02]} gxf6 {[%emt 0:00:04]} 38. Re8 {[%emt 0:00:35]} Rxc1+ {[%emt 0:00:30]} 39. Kh2 {[%emt 0:00:01]} Qg8 {[%emt 0:00:19]} 40. Qxf6+ {[%emt 0:00:00]} Bg7 {[%emt 0:00:00]} 41. Qf7 {[%emt 0:00:38]} Qxe8 {[%emt 0:00:19]} 42. Qxe8+ {[%emt 0:00:01]} Kh7 {[%emt 0:00:06]} 43. g4 {[%emt 0:01:05]} Rc4 {[%emt 0:12:53]} 44. f4 {[%emt 0:06:23]} Rxd4 {[%emt 0:01:25]} 45. g5 {[%emt 0:00:19]} hxg5 {[%emt 0:00:04]} 46. fxg5 {[%emt 0:00:55]} Rd2+ {[%emt 0:09:29]} 47. Kg3 {[%emt 0:01:17]} Rd3+ {[%emt 0:05:04]} 48. Kg4 {[%emt 0:03:54]} Rd4+ {[%emt 0:00:15]} 49. Kf3 {[%emt 0:00:49]} Nd3 {[%emt 0:03:20]} 50. h6 {[%emt 0:05:15]} Ne5+ {[%emt 0:00:11]} 51. Ke3 {[%emt 0:01:11]} Nc4+ {[%emt 0:03:33]} 52. Ke2 {[%emt 0:02:40]} Rd2+ {[%emt 0:00:23]} 53. Kf1 {[%emt 0:03:24]} Bd4 {[%emt 0:00:31]} 54. Qf7+ {[%emt 0:05:46]} Kh8 {[%emt 0:00:02]} 55. Qf8+ {[%emt 0:00:24]} Kh7 {[%emt 0:00:02]} 56. Qf7+ {[%emt 0:04:30]} Kh8 {[%emt 0:00:07]} 57. Qe8+ {[%emt 0:00:19]} Kh7 {[%emt 0:00:11]} 58. Qe4+ {[%emt 0:00:02]} Kh8 {[%emt 0:00:11]} 59. g6 {[%emt 0:08:29]} Rf2+ {[%emt 0:00:20]} 60. Ke1 {[%emt 0:00:08]} Rf1+ {[%emt 0:00:06]} 61. Ke2 {[%emt 0:00:13]} Rf2+ {[%emt 0:00:06]} 62. Ke1 {[%emt 0:00:17]} Rf1+ {[%emt 0:00:04]} 63. Ke2 {[%emt 0:00:04]} Rf2+ {[%emt 0:00:04]} 1/2-1/2

[Event "3rd Yerevan Open-A 2021"]
[Site "Yerevan"]
[Date "2021.10.16"]
[Round "3.5"]
[White "Pranav Anand"]
[Black "Sychev, Klementy"]
[Result "0-1"]
[WhiteElo "2430"]
[BlackElo "2555"]
[Annotator "ChessBase"]
[PlyCount "60"]
[EventDate "2021.10.14"]
[EventType "swiss"]
[EventCountry "ARM"]
[SourceTitle "playchess.com"]
[Source "ChessBase"]
[SourceQuality "1"]
[TimeControl "40/5400+30:1800+30"]

1. d4 {[%emt 0:00:04]} d5 {[%emt 0:01:09]} 2. c4 {[%emt 0:00:12]} dxc4 {[%emt 0:00:45]} 3. e4 {[%emt 0:00:05]} b5 {[%emt 0:01:00]} 4. a4 {[%emt 0:00:50]} c6 {[%emt 0:00:15]} 5. axb5 {[%emt 0:01:42]} cxb5 {[%emt 0:00:13]} 6. Nc3 {[%emt 0:00:03]} Qb6 {[%emt 0:00:11]} 7. Nd5 {[%emt 0:16:04]} Qb7 {[%emt 0:00:13]} 8. Bf4 {[%emt 0:00:18]} e5 {[%emt 0:00:06]} 9. dxe5 {[%emt 0:00:59]} Be6 {[%emt 0:00:17]} 10. Be2 {[%emt 0:14:26]} Ne7 {[%emt 0:10:35]} 11. Bg5 {[%emt 0:09:36]} Nbc6 {[%emt 0:25:31]} 12. Nf3 {[%emt 0:06:20]} h6 {[%emt 0:10:11]} 13. Bh4 {[%emt 0:01:06]} Ng6 {[%emt 0:08:18]} 14. Bg3 {[%emt 0:01:12]} Bb4+ {[%emt 0:04:32]} 15. Kf1 {[%emt 0:07:54]} O-O {[%emt 0:05:00]} 16. Qc2 {[%emt 0:12:13]} Rfd8 {[%emt 0:03:53]} 17. Rd1 {[%emt 0:00:30]} a5 {[%emt 0:04:04]} 18. h4 {[%emt 0:03:45]} Nge7 {[%emt 0:00:19]} 19. Bf4 {[%emt 0:05:21]} Nxd5 {[%emt 0:05:20]} 20. exd5 {[%emt 0:00:02]} Rxd5 {[%emt 0:00:07]} 21. Rxd5 {[%emt 0:01:59]} Bxd5 {[%emt 0:00:07]} 22. Kg1 {[%emt 0:00:04]} Ne7 {[%emt 0:07:30]} 23. Rh3 {[%emt 0:03:04]} Be6 {[%emt 0:00:31]} 24. Rg3 {[%emt 0:03:14]} Nf5 {[%emt 0:00:07]} 25. Rh3 {[%emt 0:00:32]} Rd8 {[%emt 0:00:13]} 26. Qc1 {[%emt 0:07:37]} Qe4 {[%emt 0:02:07]} 27. Bd1 {[%emt 0:00:09]} Rxd1+ {[%emt 0:00:53]} 28. Qxd1 {[%emt 0:00:01]} Qxf4 {[%emt 0:00:08]} 29. h5 {[%emt 0:00:33]} Qe4 {[%emt 0:00:52]} 30. Qc1 {[%emt 0:01:56]} Nd4 {[%emt 0:00:20]} 0-1

[Event "3rd Yerevan Open-A 2021"]
[Site "Yerevan"]
[Date "2021.10.16"]
[Round "3.6"]
[White "Hayrapetyan, Hovik"]
[Black "Daghli, Arash"]
[Result "0-1"]
[WhiteElo "2500"]
[BlackElo "2427"]
[Annotator "ChessBase"]
[PlyCount "142"]
[EventDate "2021.10.14"]
[EventType "swiss"]
[EventCountry "ARM"]
[SourceTitle "playchess.com"]
[Source "ChessBase"]
[SourceQuality "1"]
[TimeControl "40/5400+30:1800+30"]

1. d4 {[%emt 0:00:04]} Nf6 {[%emt 0:00:07]} 2. Nf3 {[%emt 0:02:00]} g6 {[%emt 0:00:10]} 3. c4 {[%emt 0:05:12]} Bg7 {[%emt 0:00:25]} 4. g3 {[%emt 0:00:40]} O-O {[%emt 0:00:11]} 5. Bg2 {[%emt 0:00:02]} d6 {[%emt 0:00:08]} 6. O-O {[%emt 0:00:53]} Nc6 {[%emt 0:00:06]} 7. b3 {[%emt 0:00:53]} e5 {[%emt 0:00:37]} 8. dxe5 {[%emt 0:01:06]} dxe5 {[%emt 0:00:48]} 9. Bb2 {[%emt 0:05:48]} e4 {[%emt 0:06:41]} 10. Nd4 {[%emt 0:02:50]} Nxd4 {[%emt 0:05:08]} 11. Qxd4 {[%emt 0:08:03]} Bf5 {[%emt 0:06:30]} 12. Rd1 {[%emt 0:15:54]} Qc8 {[%emt 0:14:12]} 13. Nc3 {[%emt 0:02:10]} Re8 {[%emt 0:30:23]} 14. Nd5 {[%emt 0:07:53]} Nh5 {[%emt 0:01:48]} 15. Qd2 {[%emt 0:00:53]} Bxb2 {[%emt 0:01:19]} 16. Qxb2 {[%emt 0:00:06]} c6 {[%emt 0:01:05]} 17. Ne3 {[%emt 0:01:30]} Qe6 {[%emt 0:00:45]} 18. Rd4 {[%emt 0:05:13]} Nf6 {[%emt 0:03:22]} 19. Rad1 {[%emt 0:03:02]} Qe5 {[%emt 0:01:22]} 20. Qa3 {[%emt 0:05:09]} a5 {[%emt 0:03:53]} 21. Qd6 {[%emt 0:05:55]} Qxd6 {[%emt 0:04:04]} 22. Rxd6 {[%emt 0:00:06]} Be6 {[%emt 0:00:09]} 23. R1d4 {[%emt 0:03:45]} Kg7 {[%emt 0:04:38]} 24. g4 {[%emt 0:09:49]} h6 {[%emt 0:00:12]} 25. c5 {[%emt 0:03:08]} a4 {[%emt 0:00:42]} 26. bxa4 {[%emt 0:03:58]} Ra5 {[%emt 0:01:24]} 27. Bxe4 {[%emt 0:02:43]} Rxc5 {[%emt 0:00:37]} 28. Bf3 {[%emt 0:01:01]} Ra8 {[%emt 0:05:33]} 29. Rb4 {[%emt 0:00:32]} Ra7 {[%emt 0:00:13]} 30. Rd8 {[%emt 0:01:18]} Nd7 {[%emt 0:01:45]} 31. Rc8 {[%emt 0:02:30]} Rca5 {[%emt 0:00:53]} 32. Rc7 {[%emt 0:01:44]} Nc5 {[%emt 0:00:01]} 33. a3 {[%emt 0:00:38]} Rxa4 {[%emt 0:02:40]} 34. Nc2 {[%emt 0:00:27]} Rxb4 {[%emt 0:01:16]} 35. Nxb4 {[%emt 0:00:34]} Rxa3 {[%emt 0:00:32]} 36. Kg2 {[%emt 0:00:00]} Rb3 {[%emt 0:03:00]} 37. Nxc6 {[%emt 0:01:00]} bxc6 {[%emt 0:00:32]} 38. h3 {[%emt 0:00:04]} Nd7 {[%emt 0:01:08]} 39. Bxc6 {[%emt 0:00:02]} Rc3 {[%emt 0:00:24]} 40. Rxd7 {[%emt 0:00:00]} Rxc6 {[%emt 0:00:00]} 41. Rd2 {[%emt 0:00:12]} Ra6 {[%emt 0:01:26]} 42. e3 {[%emt 0:01:52]} Kf6 {[%emt 0:00:21]} 43. Rd8 {[%emt 0:00:34]} Ra5 {[%emt 0:00:53]} 44. Kg3 {[%emt 0:00:10]} Rd5 {[%emt 0:01:02]} 45. Rb8 {[%emt 0:01:48]} Rd1 {[%emt 0:00:23]} 46. Rh8 {[%emt 0:01:37]} Bd5 {[%emt 0:02:04]} 47. f3 {[%emt 0:01:23]} Rf1 {[%emt 0:01:32]} 48. e4 {[%emt 0:01:21]} Bc4 {[%emt 0:00:15]} 49. Rc8 {[%emt 0:00:51]} Be2 {[%emt 0:00:28]} 50. Rc3 {[%emt 0:00:02]} Ke5 {[%emt 0:00:51]} 51. Re3 {[%emt 0:00:02]} Bc4 {[%emt 0:00:29]} 52. Ra3 {[%emt 0:00:32]} Rg1+ {[%emt 0:00:32]} 53. Kf2 {[%emt 0:00:09]} Rb1 {[%emt 0:00:06]} 54. Kg3 {[%emt 0:00:22]} Rb3 {[%emt 0:00:27]} 55. Ra7 {[%emt 0:00:38]} Kd4 {[%emt 0:00:52]} 56. h4 {[%emt 0:00:21]} Ke3 {[%emt 0:01:15]} 57. Rc7 {[%emt 0:01:46]} Be6 {[%emt 0:01:24]} 58. Ra7 {[%emt 0:00:50]} Rd3 {[%emt 0:00:32]} 59. Rc7 {[%emt 0:00:27]} Bb3 {[%emt 0:00:23]} 60. Rc6 {[%emt 0:00:19]} Ke2 {[%emt 0:00:37]} 61. Rf6 {[%emt 0:00:09]} Be6 {[%emt 0:01:09]} 62. h5 {[%emt 0:02:55]} g5 {[%emt 0:01:32]} 63. Kg2 {[%emt 0:00:06]} Rc3 {[%emt 0:00:18]} 64. Kg3 {[%emt 0:00:23]} Rc1 {[%emt 0:00:58]} 65. Rxh6 {[%emt 0:00:59]} Rg1+ {[%emt 0:00:12]} 66. Kh2 {[%emt 0:00:08]} Kf2 {[%emt 0:00:56]} 67. Rf6 {[%emt 0:04:16]} Rg2+ {[%emt 0:00:40]} 68. Kh3 {[%emt 0:00:57]} Kg1 {[%emt 0:05:05]} 69. h6 {[%emt 0:08:03]} Rb2 {[%emt 0:01:30]} 70. h7 {[%emt 0:00:43]} Bc4 {[%emt 0:00:45]} 71. h8=Q {[%emt 0:00:57]} Bf1+ {[%emt 0:00:06]} 0-1

[Event "3rd Yerevan Open-A 2021"]
[Site "Yerevan"]
[Date "2021.10.16"]
[Round "3.7"]
[White "Sidhant, Mohapatra"]
[Black "Mikaelyan, Arman"]
[Result "0-1"]
[WhiteElo "2367"]
[BlackElo "2487"]
[Annotator "ChessBase"]
[PlyCount "130"]
[EventDate "2021.10.14"]
[EventType "swiss"]
[EventCountry "ARM"]
[SourceTitle "playchess.com"]
[Source "ChessBase"]
[SourceQuality "1"]
[TimeControl "40/5400+30:1800+30"]

1. c4 {[%emt 0:00:19]} g6 {[%emt 0:01:53]} 2. Nc3 {[%emt 0:01:27]} Bg7 {[%emt 0:00:07]} 3. Nf3 {[%emt 0:00:18]} Nf6 {[%emt 1:30:00]} 4. g3 {[%emt 1:30:26]} O-O {[%emt 0:00:00]} 5. Bg2 {[%emt 0:00:00]} c5 {[%emt 0:00:00]} 6. d4 {[%emt 0:00:00]} cxd4 {[%emt 0:01:30]} 7. Nxd4 {[%emt 0:01:30]} Nc6 {[%emt 0:00:30]} 8. Nc2 {[%emt 0:00:30]} d6 {[%emt 0:00:30]} 9. O-O {[%emt 0:00:30]} Nd7 {[%emt 0:00:30]} 10. Bd2 {[%emt 0:00:30]} a5 {[%emt 0:00:30]} 11. b3 {[%emt 0:00:30]} Nc5 {[%emt 0:00:30]} 12. Rb1 {[%emt 0:00:30]} Bd7 {[%emt 0:00:30]} 13. h3 {[%emt 0:00:30]} h5 {[%emt 0:00:30]} 14. Nd5 {[%emt 0:00:30]} Bf5 {[%emt 0:00:30]} 15. Nde3 {[%emt 0:00:30]} Be4 {[%emt 0:00:30]} 16. f3 {[%emt 0:00:30]} Bxc2 {[%emt 0:00:30]} 17. Nxc2 {[%emt 0:00:30]} Nb4 {[%emt 0:00:30]} 18. a4 {[%emt 0:00:30]} Na2 {[%emt 0:00:30]} 19. e4 {[%emt 0:00:30]} e6 {[%emt 0:00:30]} 20. f4 {[%emt 0:00:30]} Nc3 {[%emt 0:00:30]} 21. Bxc3 {[%emt 0:00:30]} Bxc3 {[%emt 0:00:30]} 22. Qf3 {[%emt 0:00:30]} Bg7 {[%emt 0:00:30]} 23. Kh1 {[%emt 0:00:30]} Qf6 {[%emt 0:00:30]} 24. Na3 {[%emt 0:00:30]} h4 {[%emt 0:00:30]} 25. Nb5 {[%emt 0:00:30]} hxg3 {[%emt 0:00:30]} 26. Qxg3 {[%emt 0:00:30]} Rad8 {[%emt 0:00:30]} 27. Rbd1 {[%emt 0:00:30]} Qe7 {[%emt 0:00:30]} 28. Rd2 {[%emt 0:00:30]} Bh6 {[%emt 0:00:30]} 29. Rdf2 {[%emt 0:00:30]} Kh7 {[%emt 0:00:30]} 30. f5 {[%emt 0:00:30]} gxf5 {[%emt 0:00:30]} 31. exf5 {[%emt 0:00:30]} Rg8 {[%emt 0:00:30]} 32. Qf3 {[%emt 0:00:30]} Qh4 {[%emt 0:00:30]} 33. fxe6 {[%emt 0:00:30]} fxe6 {[%emt 0:00:30]} 34. Qf6 {[%emt 0:00:30]} Qxf6 {[%emt 0:00:30]} 35. Rxf6 {[%emt 0:00:30]} Rg3 {[%emt 0:00:30]} 36. R6f3 {[%emt 0:00:30]} Rxf3 {[%emt 0:00:30]} 37. Rxf3 {[%emt 0:00:30]} Kg6 {[%emt 0:00:30]} 38. h4 {[%emt 0:00:30]} Kh5 {[%emt 0:00:30]} 39. Nd4 {[%emt 0:00:30]} Bg7 {[%emt 0:00:30]} 40. Ne2 {[%emt 0:00:30]} Kxh4 {[%emt 0:00:30]} 41. Nf4 {[%emt 0:30:30]} Kg4 {[%emt 0:30:30]} 42. Nd3 {[%emt 0:00:30]} Rh8+ {[%emt 0:00:30]} 43. Kg1 {[%emt 0:00:30]} Bd4+ {[%emt 0:00:30]} 44. Kf1 Nxb3 {[%emt 0:00:30]} 45. Nf2+ {[%emt 0:01:00]} Bxf2 {[%emt 0:00:30]} 46. Rxb3 {[%emt 0:00:30]} Bc5 {[%emt 0:00:30]} 47. Rxb7 {[%emt 0:00:30]} Kf5 {[%emt 0:00:30]} 48. Rb5 {[%emt 0:00:30]} Rh4 {[%emt 0:00:30]} 49. Rxa5 {[%emt 0:00:30]} Rxc4 {[%emt 0:00:30]} 50. Ra8 {[%emt 0:00:30]} Rc1+ {[%emt 0:00:30]} 51. Ke2 {[%emt 0:00:30]} Rc2+ {[%emt 0:00:30]} 52. Kf3 {[%emt 0:00:30]} Rc3+ {[%emt 0:00:30]} 53. Ke2 {[%emt 0:00:30]} d5 {[%emt 0:00:30]} 54. a5 {[%emt 0:00:30]} Kf4 {[%emt 0:00:30]} 55. Rc8 {[%emt 0:00:30]} Rc2+ {[%emt 0:00:30]} 56. Kf1 Ke3 {[%emt 0:00:30]} 57. Bh3 {[%emt 0:01:00]} Kf3 {[%emt 0:00:30]} 58. Bg2+ {[%emt 0:00:30]} Rxg2 {[%emt 0:00:30]} 59. Rxc5 {[%emt 0:00:30]} Ra2 {[%emt 0:00:30]} 60. Rc3+ {[%emt 0:00:30]} Kf4 {[%emt 0:00:30]} 61. Rc6 {[%emt 0:00:30]} e5 {[%emt 0:00:30]} 62. Ra6 {[%emt 0:00:30]} e4 {[%emt 0:00:30]} 63. Ra8 {[%emt 0:00:30]} d4 {[%emt 0:00:30]} 64. a6 {[%emt 0:00:30]} Ke3 {[%emt 0:00:30]} 65. a7 {[%emt 0:00:30]} d3 {[%emt 0:00:30]} 0-1